| 000 | 00423nam a22001457a 4500 | ||
|---|---|---|---|
| 005 | 20250610110230.0 | ||
| 008 | 250610b |||||||| |||| 00| 0 eng d | ||
| 020 | _a1850755701 | ||
| 050 |
_aBS511 _b.2 CLI |
||
| 100 | _aCLNES J.A. DAVID | ||
| 245 |
_aINTERESTED PARTIES; _bTHE IDEOLOGY OF WRITERS AND READERS OF THE HEBREW BIBLE |
||
| 260 |
_aENGLAND _bSHEFFIELD ACADEMIC PRESS _cc1995 |
||
| 300 | _a296p | ||
| 942 |
_2lcc _cBK _n0 |
||
| 999 |
_c6384 _d6384 |
||